| 000 | 00841nam a22003017a 4500 | ||
|---|---|---|---|
| 001 | BR9404133 | ||
| 003 | BR-BrBNA | ||
| 005 | 20230928094059.0 | ||
| 007 | ta | ||
| 008 | 230509b bl.||||| |||| 00| 0 por d | ||
| 040 |
_aBR-BrBNA _bpor _cBiblioteca Nacional de Agricultura |
||
| 041 | _a(Por) | ||
| 072 | _aP10; P11; N20 | ||
| 090 | _ P10 BR9404133 | ||
| 100 | 1 | _aWagner, E. | |
| 100 | 1 | _aGoulart, J.P. | |
| 110 | 1 |
_aFaculdade de Agronomia Eliseu Maciel, Pelotas, RS (Brasil). Depto. de Engenharia Rural _94467 |
|
| 245 | 1 | _aEstruturas e obras hidraulicas | |
| 260 | 3 |
_aPelotas, RS (Brasil): _c1971. |
|
| 300 | _a98 p. | ||
| 500 | _a19 ref.; 36 illus. | ||
| 650 | _aEstrutura Hidraulica | ||
| 650 | _aMaquina Agricola | ||
| 650 | _aIrrigacao | ||
| 650 | _aBarragem | ||
| 909 |
_a202309 _bLucia _c55 _dLucia Elande |
||
| 942 | _cBK | ||
| 999 |
_c48754 _d48754 |
||